| 000 | 00829nam a2200229 a 4500 | ||
|---|---|---|---|
| 001 | 48707 | ||
| 003 | BD-RjUL | ||
| 005 | 20211209054554.0 | ||
| 008 | 160816s1991 bg ||||| |||| 00| 0 ben d | ||
| 035 | _a(BD-RjUL)48826 | ||
| 040 |
_aBD-RjUL _bben _cBD-RjUL |
||
| 041 | _aben | ||
| 082 |
_223 _a344.20686 _bHOB 1991 |
||
| 100 |
_aহোসেন, মোঃ জাকির _9147001 |
||
| 245 |
_aবীমার নীতি ও পদ্ধতি / _c মোঃ জাকির হোসেন |
||
| 260 |
_aরাজশাহী : _bজেইবুন্নাহার মুনিরা, _c১৯৯১ |
||
| 300 |
_a[১০],২১৪ [৮] পৃ.; _c২১ সেমি. |
||
| 504 | _aগ্রন্থপঞ্জি | ||
| 650 |
_aবীমা আইন _9147002 |
||
| 650 |
_aInsurance law _9147003 |
||
| 942 |
_2ddc _cBK |
||
| 999 |
_c48707 _d48707 |
||